Welcome to CU Library Online Public Access Catalogue (OPAC)

Understanding and Managing: (Record no. 1769)

MARC details
000 -LEADER
fixed length control field 00599nam a22001817a 4500
005 - DATE AND TIME OF LATEST TRANSACTION
control field 20241129153423.0
008 - FIXED-LENGTH DATA ELEMENTS--GENERAL INFORMATION
fixed length control field 241129b |||||||| |||| 00| 0 eng d
020 ## - INTERNATIONAL STANDARD BOOK NUMBER
International Standard Book Number 9780201384987
050 ## - LIBRARY OF CONGRESS CALL NUMBER
Classification number HD58.7
Item number .G454 GEO
100 ## - MAIN ENTRY--PERSONAL NAME
Personal name George Jennifer M.
245 ## - TITLE STATEMENT
Title Understanding and Managing:
Remainder of title Organizational Behavior/
Statement of responsibility, etc. Jennifer M. George & Gareth R. Jones
250 ## - EDITION STATEMENT
Edition statement 2nd Ed.
260 ## - PUBLICATION, DISTRIBUTION, ETC.
Place of publication, distribution, etc. Reading
Name of publisher, distributor, etc. Addison Wesley Longman, Inc
Date of publication, distribution, etc. 1999
300 ## - PHYSICAL DESCRIPTION
Extent xviii. mixed pagings;
Other physical details ill. col.
Dimensions 26 cm x 21 cm
650 ## - SUBJECT ADDED ENTRY--TOPICAL TERM
Source of heading or term Organizational Behavior
700 ## - ADDED ENTRY--PERSONAL NAME
Personal name Jones Gareth R.
942 ## - ADDED ENTRY ELEMENTS (KOHA)
Source of classification or shelving scheme Library of Congress Classification
Koha item type Books
Edition 2nd Ed.
Suppress in OPAC No
999 ## -
-- 1769
-- 1769
Holdings
Withdrawn status Lost status Source of classification or shelving scheme Damaged status Not for loan Collection Home library Current library Shelving location Date acquired Total checkouts Full call number Barcode Date last seen Copy number Price effective from Koha item type
    Library of Congress Classification     Non-fiction Business Library (Miotso) Business Library (Miotso) General stacks 11/29/2024   HD58.7 .G454 GEO BSSM00000292 11/29/2024 1 11/29/2024 Books
© 2023-2024 Copyright: Central University Libraries. All Rights Reserved | Created by: Mahone Tech Office